Albricias : libro de lectura de 3º grado

Gespeichert in:
Bibliographische Detailangaben
1. Verfasser: Benavento, Gaspar L
Weitere Verfasser: Breccia, A. (IllustratorIn)
Format: keine Angabe
Sprache:Spanisch
Erschienen: Buenos Aires : Editorial Codex, 1961
Ausgabe:4ª ed.
Katalog:MANES:  Suchergebnis im Bibliothekskatalog
Schulbuchspezifische Eigenschaften:
Tags: Tag hinzufügen
Keine Tags, Fügen Sie den ersten Tag hinzu!
Hinzugefügt zu:26.04.2016
Geändert in:07.05.2025

MARC

LEADER 000000000a22000000004500
001 36150
003 OSt
005 20250507125833.0
008 160427s ar ||||| |||| 00| 0 spa d
040 1 |a centro_manes  |c bdocenteBA 
041 |a Español 
100 1 |a Benavento, Gaspar L  |9 18436 
245 0 0 |a Albricias : libro de lectura de 3º grado 
250 |a 4ª ed. 
260 3 |a Buenos Aires :   |b Editorial Codex,  |c 1961 
300 |a 177 p. ;  |c 20 x 14 cm. 
500 |a Signatura Topográfica: .  
546 |a Argentina 
561 |5 ar-DOCE  |3 HTA 1961 BENa  |a Argentina. Biblioteca del Docente  |k MANES 
690 0 |a EyL  |a LEN 
691 0 |a PRI 
700 |9 14726  |a Breccia, A.  |e Ilustrador 
942 |2 ddc  |c BK 
999 |c 39722  |d 39722 
999 |c manes:39722  |d 39722